1406 1348 1231 1595 2000 1193 1306 1259 1398 1289 1966 1933 1064 1319 1620 1146 1859 1805 1583 1229 1896 1050 1153 1429 1487 1083 1290 1875 1226 1882 1840 1873 1522 1789 1076 1687 1440 1173 1047 1146 1320 1987 1244 1965 1054 1317 1875 1594 1867 1501 1401 1916 1925 1435 1691 1506 1810 1622 1354 1526 1433 1304 1032 1704 1281 1843 1392 1523 1847 1288 1539 1549 1287 1404 1757 1050 1773 1497 1252 1705 1405 1215 1306 1113 1696 1690 1196 1585 1409 1124 1919 1355 1530 1497 1052 1316 1749 1253 1270 BCNSPRNW ULIB Ver.6.0+V

เปลี่ยนเป็นภาษาไทย

Change to English
 แสดงรายละเอียดบรรณานุกรม
  กลับหน้าหลัก

Brief Record : Get Marc (ISO 2709) : E-mail record : QR code < ปิดหน้าต่าง
LEADER : 00000nam 2200000uu 4500
001    13399127794
003     ULIB
008    210916s2563||||th 000 0 tha d
020    ^a9786163145383
060    ^aWY157^bก6456
100    ^aปิยะพร ศิษย์กุลอนันต์, บรรณาธิการ
245    ^aการพยาบาลสูติศาสตร์: ปฎิบัติการพยาบาลผดุงครรภ์/บรรณาธิการโดยปิยะพร ศิษย์กุลอนันต์
250    ^aพิมพ์ครั้งที่ 3
260    ^aกรุงเทพมหานคร :^bสำนักพิมพ์มหาวิทยาลัยธรรมศาสตร์,^c2563
300    ^a152 หน้า^bภาพประกอบ
650    ^aการพยาบาลสูติศาสตร์
650    ^aผดุงครรภ์^xการพยาบาล
945    ^p130^l0^i28919
945    ^p130^l0^i28920
945    ^p130^l0^i28921
999    ^aกัณชพร จุลอักษร
รายการนี้ยังไม่มีแท็ก
คุณยังไม่ได้ล็อกอิน คุณสามารถมีกิจกรรมร่วมกับเว็บไซต์ได้ แต่ต้องล็อกอินก่อน ::
  ล็อกอิน

รายการสื่อสารสนเทศ

ลำดับที่ ประเภท เลขเรียก/บาร์โค้ด สถานที่ สถานะ
1. หนังสือสำรอง
หนังสือสำรอง
WY157 ก6456 ฉ.1 
  Barcode: 28919
ห้องสมุดวิทยาเขตนครสวรรค์
►หนังสือทั่วไป:l:General Books
บนชั้น
2. วิทยาศาสตร์การแพทย์ และสุขภาพ
วิทยาศาสตร์การแพทย์ และสุขภาพ
WY157 ก6456 ฉ.2 
  Barcode: 28920
ห้องสมุดวิทยาเขตนครสวรรค์
►หนังสือทั่วไป:l:General Books
บนชั้น
3. วิทยาศาสตร์การแพทย์ และสุขภาพ
วิทยาศาสตร์การแพทย์ และสุขภาพ
WY157 ก6456 ฉ.3 
  Barcode: 28921
ห้องสมุดวิทยาเขตนครสวรรค์
►หนังสือทั่วไป:l:General Books
บนชั้น

รายการใกล้เคียง
    ชื่อเรื่อง [การพยาบาลสูติศาสตร์: ปฎิบัติการพยาบาลผดุงครรภ์/บรรณาธิการโดยปิยะพร ศิษย์กุลอนันต์]

    ผู้แต่ง [ปิยะพร ศิษย์กุลอนันต์, บรรณาธิการ]

    หัวเรื่อง [การพยาบาลสูติศาสตร์]
    หัวเรื่อง [ผดุงครรภ์ การพยาบาล]

BibComment


ยังไม่เคยถูกคอมเมนท์

คอมเมนท์ทรัพยากรรายการนี้
  คอมเมนท์: การพยาบาลสูติศาส..


 Copyright 2026. Bcnsprnw @Library